Säugetierfamilien (deutsch) - Statistiken

Allgemein
  • Dieses Quiz wurde 38 mal gespielt
  • Das Durchschnittsergebnis liegt bei 23 aus 159
Antwortstatistiken
Unterklasse Überordnung Ordnung Ordnung (deutsch) Familie (deutsch) % Korrekt
Eutheria Laurasiatheria Perissodactyla Unpaarhufer Pferde
88%
Eutheria Laurasiatheria Carnivora Raubtiere Hunde
77%
Eutheria Afrotheria Proboscidea Rüsseltiere Elefanten
73%
Eutheria Laurasiatheria Carnivora Raubtiere Katzen
65%
Eutheria Euarchontoglieres Primates Primaten Menschenaffen
62%
Eutheria Laurasiatheria Carnivora Raubtiere Bären
58%
Eutheria Euarchontoglieres Lagomorpha Hasenartige Hasen
54%
Eutheria Laurasiatheria Cetartiodactyla Paarhufer und Wale Hirsche
54%
Eutheria Laurasiatheria Perissodactyla Unpaarhufer Nashörner
54%
Eutheria Laurasiatheria Carnivora Raubtiere Marder
50%
Eutheria Euarchontoglieres Rodentia Nagetiere Biber
46%
Eutheria Laurasiatheria Cetartiodactyla Paarhufer und Wale Delfine
46%
Eutheria Laurasiatheria Eulipotyphla Insektenfresser Igel
46%
Marsupialia Australidelphia Diprotodontia Kängurus
46%
Protheria Monotremata Kloakentiere Schnabeltiere
46%
Eutheria Laurasiatheria Cetartiodactyla Paarhufer und Wale Flusspferde
38%
Marsupialia Australidelphia Diprotodontia Koalas
38%
Eutheria Laurasiatheria Eulipotyphla Insektenfresser Maulwürfe
38%
Eutheria Laurasiatheria Perissodactyla Unpaarhufer Tapire
35%
Protheria Monotremata Kloakentiere Ameisenigel
31%
Eutheria Laurasiatheria Cetartiodactyla Paarhufer und Wale Kamele
31%
Eutheria Laurasiatheria Cetartiodactyla Paarhufer und Wale Pottwale
31%
Eutheria Laurasiatheria Pholidota Schuppentiere Schuppentiere
31%
Eutheria Xenarthra Cingulata Gepanzerte Nebengelenktiere (weitere Gürteltiere)
31%
Marsupialia Ameridelphia Didelphimorphia Beutelrattenartige Beutelratten
27%
Eutheria Laurasiatheria Chiroptera Fledertiere Flughunde
27%
Eutheria Euarchontoglieres Rodentia Nagetiere Hörnchen
27%
Eutheria Euarchontoglieres Rodentia Nagetiere Meerschweinchen
27%
Eutheria Laurasiatheria Eulipotyphla Insektenfresser Spitzmäuse
27%
Marsupialia Australidelphia Diprotodontia Wombats
27%
Marsupialia Australidelphia Notoryctemorphia Beutelmulle Beutelmulle
23%
Eutheria Laurasiatheria Carnivora Raubtiere Hyänen
23%
Eutheria Afrotheria Tubulidentata Röhrenzähner (Erdferkel)
19%
Eutheria Afrotheria Sirenia Seekühe Gabelschwanzseekühe
19%
Eutheria Euarchontoglieres Primates Primaten Gibbons
19%
Marsupialia Australidelphia Diprotodontia Gleitbeutler
19%
Eutheria Laurasiatheria Carnivora Raubtiere Hundsrobben
19%
Eutheria Laurasiatheria Carnivora Raubtiere Kleinbären
19%
Eutheria Euarchontoglieres Rodentia Nagetiere Langschwanzmäuse
19%
Eutheria Laurasiatheria Carnivora Raubtiere Mangusten
19%
Eutheria Laurasiatheria Carnivora Raubtiere Ohrenrobben
19%
Marsupialia Australidelphia Dasyuromorphia Raubbeutlerartige Raubbeutler
19%
Eutheria Afrotheria Sirenia Seekühe Rundschwanzseekühe
19%
Eutheria Afrotheria Macroscelidea Rüsselspringer Rüsselspringer
19%
Eutheria Laurasiatheria Cetartiodactyla Paarhufer und Wale Schweinswale
19%
Eutheria Euarchontoglieres Scandentia Spitzhörnchen (weitere Spitzhörnchen)
19%
Marsupialia Australidelphia Peramelemorphia Nasenbeutler Eigentliche Nasenbeutler
15%
Eutheria Euarchontoglieres Primates Primaten (Fingertier)
15%
Eutheria Laurasiatheria Cetartiodactyla Paarhufer und Wale Furchenwale
15%
Eutheria Laurasiatheria Cetartiodactyla Paarhufer und Wale Glattwale
15%
Eutheria Afrotheria Afrosoricida Tenrekartige Goldmulle
15%
Eutheria Laurasiatheria Cetartiodactyla Paarhufer und Wale Hornträger
15%
Eutheria Euarchontoglieres Primates Primaten Koboldmakis
15%
Eutheria Euarchontoglieres Primates Primaten Krallenaffen
15%
Eutheria Laurasiatheria Carnivora Raubtiere Schleichkatzen
15%
Eutheria Afrotheria Hyracoidea Schliefer Schliefer
15%
Eutheria Euarchontoglieres Rodentia Nagetiere Stachelschweine
15%
Eutheria Afrotheria Afrosoricida Tenrekartige Tenreks
15%
Eutheria Laurasiatheria Carnivora Raubtiere Walrosse
15%
Eutheria Euarchontoglieres Rodentia Nagetiere Bilche
12%
Eutheria Xenarthra Pilosa Zahnarme Dreifinger-Faultiere
12%
Eutheria Laurasiatheria Carnivora Raubtiere Linsangs
12%
Eutheria Euarchontoglieres Primates Primaten Loris
12%
Eutheria Euarchontoglieres Primates Primaten Meerkatzenverwandte
12%
Eutheria Laurasiatheria Carnivora Raubtiere Pardelroller
12%
Eutheria Euarchontoglieres Dermoptera Riesengleiter Riesengleiter
12%
Eutheria Laurasiatheria Eulipotyphla Insektenfresser Schlitzrüssler
12%
Eutheria Laurasiatheria Carnivora Raubtiere Stinktiere
12%
Eutheria Xenarthra Pilosa Zahnarme (Tamanduas und großer Ameisenbär)
12%
Eutheria Euarchontoglieres Rodentia Nagetiere Wühler
12%
Eutheria Xenarthra Pilosa Zahnarme (Zweifinger-Faultiere)
12%
Eutheria Euarchontoglieres Rodentia Nagetiere Chinchillas
8%
Eutheria Laurasiatheria Cetartiodactyla Paarhufer und Wale Echte Schweine
8%
Eutheria Laurasiatheria Cetartiodactyla Paarhufer und Wale Giraffenartige
8%
Eutheria Laurasiatheria Cetartiodactyla Paarhufer und Wale Gründelwale
8%
Eutheria Laurasiatheria Chiroptera Fledertiere Hufeisennasen
8%
Eutheria Euarchontoglieres Primates Primaten Klammerschwanzaffen
8%
Eutheria Laurasiatheria Carnivora Raubtiere kleine Pandas
8%
Eutheria Euarchontoglieres Rodentia Nagetiere (Madagaskar-Ratten, Delany-Sumpfklettermaus, Afrikanischer Hamster, Afrikanische Felsenmäuse, Hamsterratten, Baummäuse)
8%
Eutheria Laurasiatheria Carnivora Raubtiere Madagassische Raubtiere
8%
Eutheria Laurasiatheria Cetartiodactyla Paarhufer und Wale Moschustiere
8%
Eutheria Laurasiatheria Cetartiodactyla Paarhufer und Wale Nabelschweine
8%
Eutheria Euarchontoglieres Rodentia Nagetiere (Pakas)
8%
Eutheria Euarchontoglieres Lagomorpha Hasenartige Pfeilhasen
8%
Eutheria Laurasiatheria Cetartiodactyla Paarhufer und Wale Schnabelwale
8%
Eutheria Euarchontoglieres Rodentia Nagetiere Springmäuse
8%
Eutheria Euarchontoglieres Rodentia Nagetiere Taschenratten
8%
Eutheria Xenarthra Pilosa Zahnarme (Zwergameisenbären)
8%
Eutheria Laurasiatheria Cetartiodactyla Paarhufer und Wale (Zwergpottwale)
8%
Eutheria Laurasiatheria Cetartiodactyla Paarhufer und Wale Amazonas Flussdelfine
4%
Marsupialia Australidelphia Diprotodontia Bilchbeutler
4%
Eutheria Euarchontoglieres Rodentia Nagetiere (Birkenmäuse)
4%
Eutheria Laurasiatheria Chiroptera Fledertiere Blattnasen
4%
Marsupialia Australidelphia Microbiotheria (Chiloe-Beutelratte)
4%
Eutheria Euarchontoglieres Rodentia Nagetiere Chinchillaratten
4%
Eutheria Laurasiatheria Cetartiodactyla Paarhufer und Wale (Chinesischer Flussdelfin)
4%
Eutheria Laurasiatheria Chiroptera Fledertiere (Dreizahnblattnasen, Percivals Kleinohr-Dreizackblattnase, Goldene Rundblattnase)
4%
Eutheria Euarchontoglieres Scandentia Spitzhörnchen (Federschwanz-Spitzhörnchen)
4%
Eutheria Laurasiatheria Cetartiodactyla Paarhufer und Wale Gabelträger
4%
Eutheria Euarchontoglieres Primates Primaten Galagos
4%
Eutheria Laurasiatheria Cetartiodactyla Paarhufer und Wale Gangesdelfine
4%
Eutheria Euarchontoglieres Primates Primaten Gewöhnliche Makis
4%
Eutheria Laurasiatheria Chiroptera Fledertiere Glattnasen
4%
Eutheria Laurasiatheria Cetartiodactyla Paarhufer und Wale Hirschferkel
4%
Marsupialia Australidelphia Diprotodontia (Honigbeutler)
4%
Eutheria Euarchontoglieres Rodentia Nagetiere Hüpfmäuse
4%
Eutheria Euarchontoglieres Primates Primaten Indriartige
4%
Marsupialia Australidelphia Peramelemorphia Nasenbeutler (Kaninchennasenbeutler)
4%
Eutheria Euarchontoglieres Primates Primaten Kapuzinerartige
4%
Eutheria Euarchontoglieres Primates Primaten Katzenmakis
4%
Marsupialia Australidelphia Diprotodontia Kletterbeutler
4%
Eutheria Xenarthra Cingulata Gepanzerte Nebengelenktiere (Langnasengürteltiere)
4%
Eutheria Laurasiatheria Cetartiodactyla Paarhufer und Wale (La-Plata-Delfin)
4%
Marsupialia Ameridelphia Paucituberculata Mausopossums
4%
Marsupialia Australidelphia Diprotodontia (Moschusrattenkänguru)
4%
Eutheria Euarchontoglieres Primates Primaten Nachtaffen
4%
Eutheria Laurasiatheria Chiroptera Fledertiere Neuseelandfledermäuse
4%
Marsupialia Australidelphia Dasyuromorphia Raubbeutlerartige (Numbat)
4%
Eutheria Afrotheria Afrosoricida Tenrekartige Otterspitzmäuse
4%
Marsupialia Australidelphia Diprotodontia Rattenkängurus
4%
Eutheria Euarchontoglieres Rodentia Nagetiere Rohrratten
4%
Eutheria Euarchontoglieres Primates Primaten Sakiaffen
4%
Eutheria Euarchontoglieres Rodentia Nagetiere Springhasen
4%
Eutheria Euarchontoglieres Rodentia Nagetiere Stachelratten
4%
Eutheria Euarchontoglieres Rodentia Nagetiere Taschenmäuse
4%
Eutheria Euarchontoglieres Rodentia Nagetiere Trugratten
4%
Eutheria Euarchontoglieres Primates Primaten (Wiesenmakis)
4%
Eutheria Laurasiatheria Cetartiodactyla Paarhufer und Wale (Zwergglattwal)
4%
Marsupialia Australidelphia Diprotodontia Zwerggleitbeutler
4%
Eutheria Euarchontoglieres Rodentia Nagetiere Agutis & Acouchis
0%
Eutheria Laurasiatheria Chiroptera Fledertiere Amerikanische Haftscheibenfledermäuse
0%
Eutheria Laurasiatheria Chiroptera Fledertiere Angola-Mausohr, Lesueur-Mausohr
0%
Eutheria Euarchontoglieres Rodentia Nagetiere Baumstachler
0%
Eutheria Euarchontoglieres Rodentia Nagetiere (Blindmäuse, Blindmulle, Wurzelratten, Maulwurfsratten)
0%
Eutheria Laurasiatheria Chiroptera Fledertiere Bulldoggfledermäuse
0%
Eutheria Euarchontoglieres Rodentia Nagetiere (Dornschwanzbilch)
0%
Eutheria Euarchontoglieres Rodentia Nagetiere Dornschwanzhörnchen
0%
Eutheria Euarchontoglieres Rodentia Nagetiere (Felsenratte)
0%
Eutheria Laurasiatheria Chiroptera Fledertiere Glattnasen-Freischwänze
0%
Eutheria Laurasiatheria Chiroptera Fledertiere Großblattnasen
0%
Eutheria Laurasiatheria Chiroptera Fledertiere Hasenmäuler
0%
Eutheria Euarchontoglieres Rodentia Nagetiere Kammfinger
0%
Eutheria Euarchontoglieres Rodentia Nagetiere Kammratten
0%
Eutheria Laurasiatheria Chiroptera Fledertiere Kinnblattfledermäuse
0%
Eutheria Laurasiatheria Chiroptera Fledertiere Langflügelfledermäuse
0%
Eutheria Euarchontoglieres Rodentia Nagetiere (Laotische Felsenratte)
0%
Eutheria Laurasiatheria Chiroptera Fledertiere (Madagaskische Haftscheibenfledermäuse)
0%
Eutheria Euarchontoglieres Rodentia Nagetiere Maushamster
0%
Eutheria Laurasiatheria Chiroptera Fledertiere Maussschanzfledermäuse
0%
Eutheria Euarchontoglieres Rodentia Nagetiere (Pakarana)
0%
Marsupialia Australidelphia Diprotodontia Ringbeutler
0%
Eutheria Laurasiatheria Chiroptera Fledertiere Rundblasttnasen
0%
Eutheria Euarchontoglieres Rodentia Nagetiere Sandgräber
0%
Eutheria Laurasiatheria Chiroptera Fledertiere Schlitznasen
0%
Eutheria Laurasiatheria Chiroptera Fledertiere (Schweinsnasenfledermaus)
0%
Eutheria Euarchontoglieres Rodentia Nagetiere Stachelbilche
0%
Eutheria Laurasiatheria Chiroptera Fledertiere Stummeldaumen
0%
Eutheria Euarchontoglieres Rodentia Nagetiere Stummelschwanzhörnchen
0%
Eutheria Laurasiatheria Chiroptera Fledertiere Trichterohren
0%
Keine übereinstimmenden Quizze gefunden
Verteilung der Resultate
Anzahl Personen mit jedem Resultat
Perzentil nach korrekt beantworteten Fragen
Ihre Resultats-Entwicklung
Sie haben dieses Quiz noch nicht gespielt